000 00915nas a2200301 4500
001 BR2013009692
003 BR-BrBNA
005 20231205123311.0
007 ta
008 230509b bl.|||p| |||| 00| 00por d
040 _aBR-BrBNA
_bpor
_cBiblioteca Nacional de Agricultura
041 _a(En)
072 _aH10
100 1 _aBittencourt, M.A.L.
100 1 _aMenezes, A.M.S. de
100 1 _aBomfim, J.P. de A.
100 1 _aSantos, O.O. dos
100 1 _aCastelanni, M.A.
100 1 _aStrikis, P.C.
245 1 _aNew records of occurrence of five species of Neosilba (Diptera: Lonchaeidae)in the state of Bahia, Brazil
650 _aMOSCA
650 _aARMADILHA
650 _aPLANTA HOSPEDEIRA
650 _aBAHIA
773 0 _tCiência Rural (Brazil)
_xISSN 0103-8478
_g(Oct 2013), v. 43 (10) p. 1744-1746
_wBR2013009692
909 _a202311
_bLúcia
_c55
_dLúcia Elande
942 _2AGRIS
_n0
_cANA
999 _c233193
_d233193